000 00287nam a2200109Ia 4500
001 1261488
005 20260417140353.0
008 260417s9999 xx 000 0 und d
020 _a9789752891197
245 0 _aSelin ve Cem’le Yolculuklar
_cBuket Uzuner
260 _bEverest Yayınları
999 _c1261488
_d1261488